Title in the Lyrics - Green Day - Statistics

General Stats
  • This quiz has been taken 235 times
  • The average score is 10 of 15
Answer Stats
Lyrics % Correct
Don't wanna be an {American} {idiot} / Don't want a nation under the new media
98%
I walk this empty street / On the {boulevard} {of} {broken} {dreams} / Where the city sleeps / And I'm the only one, and I walk alone
98%
Summer has come and passed / The innocent can never last / {Wake} {me} {up} {when} {September} {ends}
88%
I beg to dream and differ from the hollow lies / This is the dawning of the rest of our lives / On {holiday}
84%
One, {twenty} {one} {guns} / Lay down your arms / Give up the fight
84%
I'm the son of rage and love / The {Jesus} {of} {Suburbia} / The bible of none of the above / On a steady diet of
77%
No time to search the world around / 'Cause you know where I'll be found / {When} {I} {come} {around}
66%
I want to be the {minority} / I don't need your authority
64%
{She} / {She} screams in silence / A sullen riot penetrating through her mind
54%
Troubled times / You know I cannot lie / I'm off the wagon and I'm {hitchin}' {a} {ride}
54%
I want to take you through / A wasteland I like to call my home / {Welcome} {to} {paradise}
50%
{Nice} {guys} {finish} {last} / You're running out of gas / Your sympathy will get you left behind
48%
Now I cannot speak, I lost my voice / I'm speechless and {redundant} / 'Cause I love you's not enough / I'm lost for words
41%
{Warning}, live without {warning}
36%
I have no belief / But I believe I'm a {walking} {contradiction} / And I ain't got no right
32%
No matching quizzes found
Score Distribution
Percent of People with Each Score
Percentile by Number Answered
Your Score History
You have not taken this quiz